Normal view
MARC view
- Participación política
Entry Materia
001 - NÚMERO DE CONTROL DEL REGISTRO
- campo de control: 17483
003 - IDENTIFICADOR DE NUMERO DE CONTROL
- campo de control: MX-MxUPN
005 - FECHA Y HORA DE LA ÚLTIMA TRANSACCIÓN
- campo de control: 20231027123724.0
008 - DATOS DE LONGITUD FIJA
- campo de control de longitud fija: 231027nn fnnnnbabd n ana |d
035 ## - NÚMERO DE CONTROL DEL SISTEMA
- Número de control del sistema: UPN10000017491
040 ## - FUENTE DE LA CATALOGACIÓN
- Lengua de catalogación: spa
- Centro catalogador de origen: MX-MxUPN
150 ## - ENCABEZAMIENTO - TEMÁTICO
- Término de materia o nombre geográfico como elemento inicial: Participación política
- Subdivisión geográfica: Distrito Federal (México)
450 ## - VÉASE - MATERIA
- Encabezamiento temático: Participación política
- Subdivisión geográfica: México (D.F.)
- Subcampo de control: nno
670 ## - FUENTE EN LA QUE SE LOCALIZARON DATOS
- Cita de la fuente: Autoridades BGTQ, 27 octubre 2023 :
- Información localizada: (Participación política) (Distrito Federal (México))
902 ## - CATALOGADOR
- Catalogador: CAA/140211
- Catalogador: VíctorGodínez/271023
